[Event "Lombardia Region-ch"]
[Site "Solaro"]
[Date "2010.05.30"]
[Round "4"]
[White "Necchi, Flavio"]
[Black "Falchi, Claudio"]
[Result "1-0"]
[WhiteElo "1789"]
[BlackElo "1663"]
[PlyCount "71"]
[EventDate "2010.05.28"]
[EventType "swiss"]
[EventRounds "5"]
[EventCountry "ITA"]
[SourceTitle "EXT 2024"]
[Source "ChessBase"]
[SourceDate "2023.10.10"]
[SourceVersion "1"]
[SourceVersionDate "2023.10.10"]
[SourceQuality "1"]

1. e4 e6 2. d3 d5 3. Nd2 c5 4. Ngf3 Nf6 5. g3 Be7 6. Bg2 Nc6 7. 0-0 0-0 8. Re1 a6 9. e5 Nd7 10. Nf1 f6 11. exf6 Nxf6 12. d4 Nxd4 13. Nxd4 cxd4 14. Qxd4 Qc7 15. c3 Bc5 16. Bf4 Qb6 17. Qd2 Ng4 18. Ne3 Nxf2 19. Kxf2 g5 20. Bf3 gxf4 21. gxf4 Rxf4 22. Rg1+ Kh8 23. b4 Be7 24. Kg2 Bg5 25. Raf1 d4 26. Nc4 Qc7 27. Qe2 dxc3 28. Qe5+ Qxe5 29. Nxe5 Rf6 30. Kh1 h6 31. Be4 Rb8 32. h4 Bxh4 33. Ng6+ Rxg6 34. Rxg6 Bg5 35. Rf8+ Kh7 36. Rxg5# 1-0

[Event "Milan Sport&Cultura op"]
[Site "Milan"]
[Date "2010.02.14"]
[Round "5"]
[White "Lanzani, Giuliano"]
[Black "Necchi, Flavio"]
[Result "1/2-1/2"]
[WhiteElo "2002"]
[BlackElo "1766"]
[PlyCount "84"]
[EventDate "2010.02.12"]
[EventType "swiss"]
[EventRounds "5"]
[EventCountry "ITA"]
[SourceTitle "EXT 2011"]
[Source "ChessBase"]
[SourceDate "2010.11.26"]
[SourceVersion "1"]
[SourceVersionDate "2010.11.26"]
[SourceQuality "1"]

1. e4 c5 2. Nf3 d6 3. d4 cxd4 4. Nxd4 Nf6 5. Nc3 a6 6. Bg5 e6 7. f4 Be7 8. Qf3 Qc7 9. 0-0-0 Nbd7 10. Bd3 b5 11. Kb1 Bb7 12. Rhe1 Nc5 13. Bxf6 Bxf6 14. Bxb5+ axb5 15. Ndxb5 Qb6 16. b4 Nxe4 17. Nxe4 Bxe4 18. Qxe4 Rd8 19. c4 0-0 20. Qe3 Qc6 21. Qd3 Qxg2 22. Re2 Qb7 23. a3 Be7 24. Ka2 Ra8 25. f5 e5 26. Qd5 Qa6 27. Rd3 Qb6 28. Rg2 Rfd8 29. Rdg3 Bf8 30. Rxg7+ Bxg7 31. f6 Kf8 32. fxg7+ Kg8 33. Kb3 Qe3+ 34. Nc3 Rxa3+ 35. Kxa3 Qxc3+ 36. Ka4 Qa1+ 37. Kb3 Ra8 38. Rb2 Ra3+ 39. Kc2 Qf1 40. Qe4 Qf2+ 41. Kb1 Qf1+ 42. Kc2 Qf2+ 1/2-1/2

[Event "Milan Sport&Cultura op"]
[Site "Milan"]
[Date "2010.02.14"]
[Round "4"]
[White "Necchi, Flavio"]
[Black "Brociner, Beniamino"]
[Result "0-1"]
[WhiteElo "1766"]
[BlackElo "1866"]
[PlyCount "50"]
[EventDate "2010.02.12"]
[EventType "swiss"]
[EventRounds "5"]
[EventCountry "ITA"]
[SourceTitle "EXT 2011"]
[Source "ChessBase"]
[SourceDate "2010.11.26"]
[SourceVersion "1"]
[SourceVersionDate "2010.11.26"]
[SourceQuality "1"]

1. e4 c5 2. Nf3 d6 3. d4 cxd4 4. Nxd4 Nf6 5. Nc3 a6 6. Bg5 e6 7. f4 Be7 8. Qf3 Qc7 9. 0-0-0 Nbd7 10. g4 b5 11. Bxb5 axb5 12. Ndxb5 Qb6 13. Bxf6 Nxf6 14. Rhe1 Bb7 15. g5 Nd7 16. Qg3 Nc5 17. f5 e5 18. f6 gxf6 19. gxf6 Bf8 20. Qg4 Na4 21. Rd5 Nxc3 22. Nxc3 Bxd5 23. Nxd5 Qa5 24. Re3 Bh6 25. Qg7 Qe1# 0-1

[Event "Milan Sport&Cultura op"]
[Site "Milan"]
[Date "2010.02.13"]
[Round "3"]
[White "Didoni, Renato"]
[Black "Necchi, Flavio"]
[Result "0-1"]
[WhiteElo "1977"]
[BlackElo "1766"]
[PlyCount "34"]
[EventDate "2010.02.12"]
[EventType "swiss"]
[EventRounds "5"]
[EventCountry "ITA"]
[SourceTitle "EXT 2011"]
[Source "ChessBase"]
[SourceDate "2010.11.26"]
[SourceVersion "1"]
[SourceVersionDate "2010.11.26"]
[SourceQuality "1"]

1. Nf3 Nf6 2. d4 e6 3. Nbd2 d5 4. a3 c5 5. Nb3 c4 6. Nbd2 Nc6 7. c3 Bd6 8. Qc2 0-0 9. e4 dxe4 10. Nxe4 Nxe4 11. Qxe4 f5 12. Qc2 Na5 13. Be2 b5 14. Bd2 Bb7 15. 0-0-0 Be4 16. Bg5 Qc7 17. Qd2 Nb3# 0-1